000 00658nam a2200217 i 4500
001 150090
003 ES-MaACL
005 20260215175251.0
007 t|
008 051021s1967 an ||||1| cat d
100 1 _aMeersch, Francoise van der.
_979797
245 1 0 _aReligiosa...per qué? /
_cFrancoise van der Meersch; [traduit del francès per A. Tomás].
250 _a[1ª ed.].
260 _aAndorra :
_bCasal i Vall,
_c1967.
300 _a150 p. ;
_c19 cm.
490 1 _aJalons ;
_v12
700 0 _aTomas, Alberto,
_c(O.S.B.)
_9110496
830 0 _aJalons ;
_v12
_9184358
852 _aES-MaACL
_jC-32179
_bR.62877
999 _c150090
_d150090